000 00420nam a2200169Ia 4500
001 30786
003 IN-NITTTR
005 20251114233415.0
008 251113s9999||||xx |||||||||||||| ||eng||
040 _beng
040 _cIN-NITTTR
041 _aeng
082 _a551.5028 H245M
100 _aHarrison, R. Giles
245 0 _aMeteorological measurements and instrumentation /
_cHarrison, R. Giles
942 _2ddc
_cBK
999 _c33416
_d33416